Glass : A handbook for students and technicians
Bewaard in:
| Hoofdauteur: | |
|---|---|
| Formaat: | Boek |
| Taal: | Undetermined |
| Gepubliceerd in: |
London
Hutchinson's
1952
|
| Onderwerpen: | |
| Tags: |
Voeg label toe
Geen labels, Wees de eerste die dit record labelt!
|
| Thư viện lưu trữ: | Trung tâm Học liệu Trường Đại học Cần Thơ |
|---|
| LEADER | 00498nam a2200193Ia 4500 | ||
|---|---|---|---|
| 001 | CTU_83652 | ||
| 008 | 210402s9999 xx 000 0 und d | ||
| 082 | |a 620.1 | ||
| 082 | |b D554 | ||
| 100 | |a Dickson, J. Home | ||
| 245 | 0 | |a Glass : | |
| 245 | 2 | |b A handbook for students and technicians | |
| 245 | 0 | |c J. Home Dickson | |
| 260 | |a London | ||
| 260 | |b Hutchinson's | ||
| 260 | |c 1952 | ||
| 650 | |a Glass | ||
| 904 | |i Qhieu(sửa) | ||
| 980 | |a Trung tâm Học liệu Trường Đại học Cần Thơ | ||